Introduction to management accounting / (Record no. 60415)
[ view plain ]
| 000 -LEADER | |
|---|---|
| fixed length control field | 01095nam a2200301 a 4500 |
| 001 - CONTROL NUMBER | |
| control field | 60415 |
| 003 - CONTROL NUMBER IDENTIFIER | |
| rucl marc code | BD-RjUL |
| 005 - DATE AND TIME OF LATEST TRANSACTION | |
| control field | 20211209080833.0 |
| 008 - FIXED-LENGTH DATA ELEMENTS--GENERAL INFORMATION | |
| fixed length control field | 161231r20062005njua b 001 0 eng d |
| 020 ## - INTERNATIONAL STANDARD BOOK NUMBER | |
| International Standard Book Number | 8177581139 |
| 035 ## - SYSTEM CONTROL NUMBER | |
| System control number | (BD-RjUL)60539 |
| 040 ## - CATALOGING SOURCE | |
| Original cataloging agency | BD-RjUL |
| Language of cataloging | eng |
| Transcribing agency | BD-RjUL |
| Modifying agency | BD-RjUL |
| 041 ## - LANGUAGE CODE | |
| Language code of text/sound track or separate title | eng |
| 082 ## - DEWEY DECIMAL CLASSIFICATION NUMBER | |
| Edition number | 23 |
| Classification number | 658.1511 |
| Author mark and year | HOI 2006 |
| 100 1# - MAIN ENTRY--PERSONAL NAME | |
| Personal name | Horngren, Charles T., |
| Dates associated with a name | 1926- |
| 9 (RLIN) | 179790 |
| 245 10 - TITLE STATEMENT | |
| Title | Introduction to management accounting / |
| Statement of responsibility, etc. | Charles T. Horngren, Gary L. Sundem, William O. Stratton. |
| 250 ## - EDITION STATEMENT | |
| Edition statement | 13th ed. |
| 260 ## - PUBLICATION, DISTRIBUTION, ETC. (IMPRINT) | |
| Place of publication, distribution, etc. | Upper Saddle River, N.J. ; |
| -- | New Delhi : |
| Name of publisher, distributor, etc. | Prentice-Hall International; |
| -- | Prentice-Hall of India, |
| Date of publication, distribution, etc. | c2005, [Indian reprint 2006] |
| 300 ## - PHYSICAL DESCRIPTION | |
| Pagination | 842 p. : |
| Illustrations | ill. ; |
| Size | 28 cm. |
| 490 ## - SERIES STATEMENT | |
| Series statement | Charles T. Horngren series in accounting |
| 504 ## - BIBLIOGRAPHY, ETC. NOTE | |
| Bibliography, etc | Includes bibliographical references and index. |
| 650 #0 - SUBJECT ADDED ENTRY--TOPICAL TERM | |
| Topical term or geographic name as entry element | Managerial accounting. |
| 9 (RLIN) | 175029 |
| Topical term or geographic name as entry element | Cost accounting |
| 9 (RLIN) | 176383 |
| 700 1# - ADDED ENTRY--PERSONAL NAME | |
| Personal name | Sundem, Gary L. |
| Personal name | Stratton, William O. |
| 830 #0 - SERIES ADDED ENTRY--UNIFORM TITLE | |
| Uniform title | Charles T. Horngren series in accounting |
| 942 ## - ADDED ENTRY ELEMENTS (KOHA) | |
| Source of classification or shelving scheme | Dewey Decimal Classification |
| Koha item type | Books |
| Lost status | Source of classification or shelving scheme | Damaged status | Not for loan | Collection code | Permanent Location | Current Location | Shelving location | Date acquired | Source of acquisition | Cost, normal purchase price | Total Checkouts | Full call number | Date last seen | Copy number | Koha item type | Date checked out |
|---|---|---|---|---|---|---|---|---|---|---|---|---|---|---|---|---|
| Dewey Decimal Classification | Not For Loan | Non-fiction | Central Library, University of Rajshahi | Central Library, University of Rajshahi | Reading Room | 05/02/2008 | Paragon Enterprise Ltd., Dhaka | 450.00 | 658.1511 HOI 2005 | 31/12/2016 | C-1 | Books | ||||
| Dewey Decimal Classification | Non-fiction | Central Library, University of Rajshahi | Central Library, University of Rajshahi | 13/05/2008 | Paragon Interprise , Dhaka | 525.00 | 1 | 658.1511 HOI 2006 | 15/11/2021 | C-2 | Books | 15/11/2021 | ||||
| Dewey Decimal Classification | Non-fiction | Central Library, University of Rajshahi | Central Library, University of Rajshahi | 13/05/2008 | Paragon Interprise , Dhaka | 525.00 | 1 | 658.1511 HOI 2006 | 15/11/2021 | C-3 | Books | 15/11/2021 |